| 000 | 00536nam a2200193Ia 4500 | ||
|---|---|---|---|
| 003 | OSt | ||
| 005 | 20191212152848.0 | ||
| 008 | 190216s9999||||xx |||||||||||||| ||und|| | ||
| 020 | _a9780333253496 | ||
| 040 | _coclc | ||
| 082 |
_a338.5 _bKOU/M |
||
| 100 |
_aKoutsoyiannis, A _9460 |
||
| 245 | 0 |
_aModern Microeconomics / _cA Koutsoyiannis |
|
| 250 | _a2nd | ||
| 260 |
_bMacmillan press ltd, _c1979. _aHong Kong: |
||
| 300 | _a581p | ||
| 650 | _aMicro Economics | ||
| 942 |
_cBK _2ddc _h338.5 _iKOU/M _k338.5 _mKOU/M |
||
| 999 |
_c10012 _d10012 |
||